Normal view
MARC view
Entry Personal Name
001 - CONTROL NUMBER
- control field: 1153134
003 - CONTROL NUMBER IDENTIFIER
- control field: OSt
005 - DATE AND TIME OF LATEST TRANSACTION
- control field: 20260324115035.0
008 - FIXED-LENGTH DATA ELEMENTS
- fixed length control field: 260324|| aca||aabn | a|a d
040 ## - CATALOGING SOURCE
- Original cataloging agency: OSt
- Transcribing agency: OSt
100 ## - HEADING--PERSONAL NAME
- Personal name: A.I. Potekaev; A.M. Glezer; V.V. Kulagin; M.D. Starostenkov; A.A. Klopot
670 ## - SOURCE DATA FOUND
- Source citation: Work cat.: (OSt)1743705: A.I. Potekaev; A.M. Glezer; V.V. Kulagin; M.D. Starostenkov; A.A. Klopot, Structure and Properties of Intermetallics in Pre-Transitional Low-Stability States
